00332nam a2200133Ia 4500008004100000041000800041082001500049100001500064245002300079250001400102260003900116300003200155365001100187240624s9999 xx 000 0 und d aeng a658.15 GUR aGURUSAMY S aFINANCIAL SERVICES a(2nd ed.) c2010aNew DelhibTata McGraw- Hill aviii, : 590 : p. : cm. ; 24 cRSb30